| 000 | 00000nam 2200000za 4500 |
| 001 | 9.608260 |
| 003 | CaOODSP |
| 005 | 20221107134211 |
| 007 | cr ||||||||||| |
| 008 | 150406s2015 onc #o f100 0 fre d |
| 040 | |aCaOODSP|bfre |
| 041 | 0 |afre|beng |
| 043 | |an-cn--- |
| 086 | 1 |aFs70-4/2014-046F-PDF |
| 245 | 00|aCompte rendu de l'examen par les pairs au sujet des techniques d'euthanasie pour les grands et petits cétacés |h[ressource électronique] : |bles 23 et 26 juin 2014, téléconférence / |cprésidente et rédactrice : Christine Abraham. |
| 260 | |aOttawa : |bPêches et Océans Canada, Secrétariat canadien de consultation scientifique, |c2015. |
| 300 | |aiv, 3 p. |
| 490 | 1 |aSecrétariat canadien de consultation scientifique (SCCS), compte rendu, |x2292-4264 ; |v2014/046, Région de la Capitale nationale |
| 500 | |a« Janvier 2015. » |
| 500 | |aTitre pris sur la couv. |
| 500 | |aPubl. aussi en anglais sous le titre : Proceedings of the National Peer-Review on Euthanasia Techniques for Small and Large Cetaceans : June 23 and June 26, 2014, teleconference. |
| 520 | |a« Le principal objectif du présent examen est d'élaborer des recommandations sur le processus décisionnel et les mesures à prendre en ce qui concerne l'euthanasie des cétacés; plus précisément, il faut définir les conditions dans lesquelles l'euthanasie est appropriée, ainsi que les options et la méthode correspondante à appliquer pour pratiquer des euthanasies en fonction de l'espèce en question. Cet avis servira aussi à préparer une exception en vertu de la Loi sur les espèces en péril dans les cas où l'euthanasie d'une espèce visée par la LEP s'avère nécessaire. » -- Sommaire, p. iii. |
| 546 | |aTexte en français, sommaire en français et en anglais. |
| 692 | 07|2gccst|aEuthanasie |
| 692 | 07|2gccst|aAnimal aquatique |
| 692 | 07|2gccst|aLignes directrices |
| 700 | 1 |aAbraham, Christine, |d1971- |
| 710 | 1 |aCanada. |bMinistère des pêches et des océans. |
| 710 | 2 |aSecrétariat canadien de consultation scientifique. |
| 775 | 08|tProceedings of the National Peer-Review on Euthanasia Techniques for Small and Large Cetaceans |w(CaOODSP)9.581430 |
| 830 | #0|aCompte rendu (Secrétariat canadien de consultation scientifique)|x2292-4264 ; |v2014/046, Région de la Capitale nationale.|w(CaOODSP)9.502879 |
| 856 | 40|qPDF|s184 Ko|uhttps://publications.gc.ca/collections/collection_2015/mpo-dfo/Fs70-4-2014-046-fra.pdf |